000 00562nam a2200181 a 4500
001 1777282226132
003 YourLibrary
005 20260427150501.0
008 260427s2005##################000#0#eng##
020 _a9780072262520
082 0 4 _a381.177
_bHOL
100 1 _aHolden, Greg,
_eauthor.
245 1 0 _aSecrets of the eBay Millionaires : Inside Success Stories -- and Proven Money-Making Tips -- from eBay’s Greatest Sellers :
260 _bMcgraw-hill,
_c2005.
650 0 _aReference.
942 _cENGLISH
040 _aYourLibrary
_beng
_cYourLibrary
999 _c619979
_d619979